000 00872nam a2200253 a 4500
001 093884
003 BD-ChCU
005 20230204170240.0
008 1999s2016 abg b 002 ben
020 _a৯৭৮ ৯৮৪ ৯০৭০৫ ১ ১
040 _aDLC
_cDLC
_dBD-ChCU
082 0 0 _a৩৭০.১/খাতু৪দ
100 1 _aখাতুন, শরিফা
_c
245 0 0 _aদর্শন ও শিক্ষা
_c
_cশরিফা খাতুন
246 0 0 _aDarshan o shikha
_c
_cSharifa Khatun
250 _a১ম সং
260 _aঢাকা
_cমাওলা ব্রাদার্স
_c১৯৯৯
300 _a২১৫পৃ:
504 _aIncludes index and bibliograpy.
650 0 _aশিক্ষা দর্শন
_cশিক্ষা
650 _aSikha Darshan
700 1 _a
942 _2ddc
_cBK
999 _c93884
_d93884